| 000 | 00814cam a22002657a 4500 | ||
|---|---|---|---|
| 003 | CHAP | ||
| 005 | 20220329140133.0 | ||
| 008 | 971013s r 00010 d | ||
| 010 | _a47516 | ||
| 011 | _a48488 | ||
| 035 | _a52634 | ||
| 040 | _cCHAP | ||
| 090 | _aR-709 | ||
| 100 | 0 | 0 |
_aVan Wyk, C. J. _9117828 |
| 245 | 1 | 3 | _aAn investigation into the occurrance of malvine in south African dry red wines |
| 500 | _aSobretiro de: S. Afr. J. Agric. Sci. 7:731-738, 1964 | ||
| 590 |
_aBATCH-UPD _b10 _c20130110 _lUCH01 _h1833 |
||
| 590 |
_aBATCH-UPD _b10 _c20130410 _lUCH01 _h1205 |
||
| 590 |
_aBATCH-UPD _b10 _c20130914 _lUCH01 _h2100 |
||
| 590 |
_aCONVERSION _b10 _c20130109 _lUCH01 _h1326 |
||
| 650 | 1 | 4 |
_aVino _xAnĂ¡lisis. _9119856 |
| 901 | _aBK | ||
| 942 | _cREIMP | ||
| 949 |
_aR-709 _bBC _cR _d-117148 _eTS1 _i52634 _si |
||
| 999 |
_c47516 _d47516 |
||